| Tag |
First Indicator |
Second Indicator |
Subfields |
| LEADER |
00000cam a2200000Ia 4500 |
| 001 |
in00002292721 |
| 005 |
20190326193252.0 |
| 006 |
m | d | |
| 007 |
cr |n||||||||n |
| 008 |
890630s1849 mau s 000 0 eng d |
| 040 |
|
|
|a DLM
|c GKR
|d OCL
|d OCLCQ
|d Thomson Gale
|d UtOrBLW
|
| 043 |
|
|
|a n-us---
|
| 245 |
0 |
0 |
|a Proceedings of the friends of a rail-road to San Francisco :
|b at their public meeting, held at the U.S. Hotel, in Boston, April 19, 1849 : including an address to the people of the U. States, showing that P.P.F. Degrand's plan is the only one, as yet proposed, which will secure promptly and certainly, and by a single act of legislation, the construction of a rail-road to California, in the shortest time allowed by its physical obstacles.
|
| 264 |
|
1 |
|a Boston :
|b Dutton and Wentworth, printers,
|c 1849.
|
| 300 |
|
|
|a 32 pages ;
|c 23 cm.
|
| 336 |
|
|
|a text
|b txt
|2 rdacontent
|
| 337 |
|
|
|a computer
|b c
|2 rdamedia
|
| 338 |
|
|
|a online resource
|b cr
|2 rdacarrier
|
| 500 |
|
|
|a At head of title: Sir, In obedience to the orders of a public meeting ...
|
| 500 |
|
|
|a Reproduction of original from Kress Library of Business and Economics, Harvard University.
|
| 500 |
|
|
|a Goldsmiths'-Kress number 36431.15.
|
| 510 |
4 |
|
|a OCLC,
|c 19952151
|
| 533 |
|
|
|a Electronic reproduction.
|b Farmington Hills, Mich. :
|c Thomson Gale,
|d 2005.
|f (The making of the modern world).
|n Available via the World Wide Web.
|n Access limited to licensing agreements.
|7 s2005 miunns
|
| 500 |
|
|
|a Electronic resource.
|
| 650 |
|
0 |
|a Pacific railroads
|x Early projects.
|
| 650 |
|
0 |
|a Railroads
|z United States.
|
| 655 |
|
0 |
|a Electronic books.
|
| 700 |
1 |
|
|a Degrand, P. P. F.
|q (Peter Paul Francis),
|d 1787-1855.
|
| 830 |
|
0 |
|a Making of the modern world (Goldsmiths'-Kress Library of Economic Literature)
|
| 856 |
4 |
0 |
|u http://proxy.library.tamu.edu/login?url=http://galenet.galegroup.com/servlet/MOME?af=RN&ae=U106866529&srchtp=a&ste=14&locID=txshracd2898
|z Connect to the full text of this electronic book
|t 0
|
| 999 |
|
|
|a MARS
|
| 999 |
f |
f |
|s 539a7844-876d-342b-9d78-49d76476de90
|i b3726e16-eac0-305c-9be6-3dd979381e2b
|t 0
|
| 952 |
f |
f |
|a Texas A&M University
|b College Station
|c Electronic Resources
|d Available Online
|t 0
|h No information provided
|
| 998 |
f |
f |
|t 0
|l Available Online
|